| 000 | 00908nam a2200193 a 4500 | ||
|---|---|---|---|
| 001 | 3675 | ||
| 003 | CDMR | ||
| 005 | 20131212123428.0 | ||
| 008 | 130130s1999||||||||||||||||||||||||||||d | ||
| 040 |
_aCDMR _bcat _cCDMR |
||
| 110 | 2 |
_aCentre d'Estudis d'Informació Ambiental _92618 |
|
| 245 | 1 | 3 |
_aUn nou model de comunicació ambiental per a Europa _b: del consum a l'ús de la informació _celaborat per l'Agencia Europea de Medi Ambient |
| 260 |
_aBarcelona _c1999 _bInstitut Català de Tecnologia. Centre d'Estudis d'Informació Ambiental |
||
| 300 |
_a69 p. _c30 cm |
||
| 500 | _aTraducció de : A new model of environmental communication for Europe from consumption to use of information / European Environment Agency | ||
| 650 | 0 | 4 |
_92077 _aMitjans de comunicació de massa i medi ambient |
| 856 | 4 | 0 |
_uhttp://www.eea.europa.eu/publications/92-9167-125-8 _yDisponible en línia (en anglès) |
| 942 |
_cMON _2udc |
||
| 999 |
_c3675 _d3675 |
||